| 000 | 00491nam a2200193Ia 4500 | ||
|---|---|---|---|
| 005 | 20240823052825.0 | ||
| 008 | 240823s9999||||xx |||||||||||||| ||und|| | ||
| 020 | _a978-1-4758-0141-5 | ||
| 041 | _aENGLISH | ||
| 082 | _A371.334 Q3 | ||
| 100 | _aWayne Journell | ||
| 245 | 0 | _aOnline Learning : Strategies for K-12 Teachers | |
| 250 | _a1st | ||
| 260 |
_c2013 _bRowman & Littlefield Publisher |
||
| 500 | _aYES | ||
| 650 |
_aOnline Learning _bGeneral |
||
| 942 | _cBK | ||
| 999 |
_c222768 _d222768 |
||